000 00689nam a22001937a 4500
999 _c182368
_d182368
005 20211111125240.0
010 _aUR-11324
020 _c250.00
_a9789390533763
035 _aU-9879
037 _bDBAD/PUB
082 _a844.08
100 _aمحمد ا بر ا ر البا قی
245 _aميز ا ن ا د ب (تحقيقی و تنقيد ی مضا مين)
_cمحمد ا بر ا ر البا قی
246 _aMeezan-e-Adab (Urdu)
_bby Mohd. Abrar-Ul-Baqqui
260 _aN.Delhi
_c2020 ء
_bEducational Publishing House
270 _aD1/16,Ansari Road,Darya Ganj,
_bNew Delhi
_e110002
_l -
300 _a152 ص
_c22 Cm(Hb)
942 _2ddc
_cUR
_h844.08
_mم ح م